La incapacidad relativa para el consentimiento matrimonial según el canón 1095 del C.I.C. de 1983

Guardado en:
Detalles Bibliográficos
Autor principal: Vela Nava, Pedro Luis (Autor)
Formato: Libro
Lenguaje:español
Publicado: Roma Pontificia Studiorum Universitas AS. Thoma Aq. in Urbe 1990
Materias:
Etiquetas: Agregar Etiqueta
Sin Etiquetas, Sea el primero en etiquetar este registro!

MARC

LEADER 00000nam a2200000 a 4500
001 UCV3236
003 CL-VaPUC
008 930505e19900000IT |||||||||||||||||spa|d
082 0 4 |a 262.933  |b VEL  |2 21 
100 0 |a Vela Nava, Pedro Luis  |e author  |9 297500 
245 1 3 |a La incapacidad relativa para el consentimiento matrimonial según el canón 1095 del C.I.C. de 1983 
300 |a 132 p 
942 |c BK 
945 |d 19930505 00:00:00 
260 |a Roma  |b Pontificia Studiorum Universitas AS. Thoma Aq. in Urbe  |c 1990 
650 7 |a MATRIMONIO  |2 CL-VaPUC  |9 297501 
650 7 |a DERECHO CANONICO  |2 CL-VaPUC  |9 297502 
650 7 |a IMPEDIMENTOS DE MATRIMONIO  |2 CL-VaPUC  |9 258751 
583 |a last modification  |c 19930505 00:00:00  |k Rodrigo Vera 
999 |c 210529  |d 210527 
952 |0 0  |1 0  |4 0  |6 262_933000000000000_VEL_1990  |7 0  |8 A  |9 186874  |a BIBDER  |b BIBDER  |d 2019-11-14  |i 2544660  |l 1  |m 1  |o 262.933 VEL 1990  |p 2544660  |r 2023-01-25  |s 2021-07-29  |w 2019-11-14  |y BK  |k DER